Countries of the World with 12,000 Foot Mountains - Statistics

General Stats
  • This quiz has been taken 506 times
  • The average score is 42 of 51
Answer Stats
country % Correct
United States
99%
Canada
98%
Nepal
97%
China
96%
India
96%
Russia
96%
Argentina
94%
Chile
94%
Italy
94%
Pakistan
94%
France
93%
Mexico
93%
Switzerland
93%
Colombia
92%
Japan
92%
Peru
92%
Afghanistan
91%
Austria
91%
Bhutan
90%
Bolivia
90%
Indonesia
90%
Iran
89%
Ecuador
88%
Kenya
88%
Tanzania
88%
Tajikistan
87%
Turkey
87%
Spain
86%
Uzbekistan
85%
Venezuela
84%
Armenia
83%
Azerbaijan
83%
Dem Rep Congo
82%
Kazakhstan
82%
Georgia
81%
Kyrgyzstan
81%
Mongolia
79%
New Zealand
79%
Burma
77%
Ethiopia
76%
Uganda
74%
Malaysia
71%
Guatemala
69%
Papua New Guinea
68%
Morocco
66%
Rwanda
65%
Costa Rica
59%
Yemen
56%
Greenland
53%
Taiwan
50%
Cameroon
45%
No matching quizzes found
Score Distribution
Percent of People with Each Score
Percentile by Number Answered
Your Score History
You have not taken this quiz